| 000 | 00618nam a2200217 a 4500 | ||
|---|---|---|---|
| 001 | 60340 | ||
| 003 | BD-RjUL | ||
| 005 | 20211209080828.0 | ||
| 008 | 170103s1944 enk 001 0 eng d | ||
| 035 | _a(BD-RjUL)60464 | ||
| 040 |
_aBD-RjUL _beng _cBD-RjUL _dBD-RjUL |
||
| 041 | _aeng | ||
| 082 |
_223 _a320.13 _bCON 1944 |
||
| 100 | 1 |
_aCobban, Alfred. _9179554 |
|
| 245 | 1 | 0 |
_aNational self-determination / _cby Alfred Cobban. |
| 260 |
_aLondon : _bOxford University Press, _c1944 |
||
| 300 |
_ax, 186 p. ; _c26 cm. |
||
| 500 | _aIncludes index. | ||
| 650 | 0 |
_aSelf-determination, National. _9179555 |
|
| 942 |
_2ddc _cBK |
||
| 999 |
_c60340 _d60340 |
||